Estadísticas para Grupos de Ocho #2

Haz click aquí para intentar la prueba.

Estadísticas generales

  • Esta prueba ha sido intentada 2.994 veces
  • La puntuación promedio es 39 de 72

Estadísticas de respuestas

GrupoRespuesta% Correcto
Los adjetivos posesivosMi
97%
Los adjetivos posesivosTu
92%
Los adjetivos posesivosSu
91%
Las ciudades de EE.UU. más turísticasNueva York
90%
Los ingredientes fundamentales del pastelHarina
89%
Los países del Pacto de VarsoviaPolonia
86%
Los ingredientes fundamentales del pastelHuevos
84%
Los países del Pacto de VarsoviaAlemania del Este
83%
Los ingredientes fundamentales del pastelAzúcar
81%
Las ciudades de EE.UU. más turísticasLos Ángeles
81%
Los adjetivos posesivosNuestro
79%
Los adjetivos posesivosSuyo
77%
Las ciudades de EE.UU. más turísticasMiami
75%
Los adjetivos posesivosVuestro
73%
Los países del golfo PérsicoArabia Saudita
72%
Los países del golfo PérsicoIrak
71%
Los países del golfo PérsicoIrán
71%
Los estados de EE.UU. que comienzan con MMíchigan
71%
Los países del golfo PérsicoCatar
68%
Los estados de EE.UU. que comienzan con MMinnesota
68%
Los países del golfo PérsicoOmán
68%
Las categorías por peso en el boxeoPeso pluma
68%
Los países del golfo PérsicoEmiratos Árabes Unidos
67%
Los ingredientes fundamentales del pastelLeche
67%
Las categorías por peso en el boxeoPeso pesado
66%
Los países del golfo PérsicoKuwait
65%
Los estados de EE.UU. que comienzan con MMontana
63%
Las ciudades de EE.UU. más turísticasSan Francisco
63%
Los adjetivos posesivosTuyo
63%
Los adjetivos posesivosMío
62%
Los países del Pacto de VarsoviaUnión Soviética
62%
Los países del golfo PérsicoBaréin
60%
Los estados de EE.UU. que comienzan con MMisisipi
60%
Los estados de EE.UU. que comienzan con MMisuri
60%
Los países del Pacto de VarsoviaHungría
59%
Los estados de EE.UU. que comienzan con MMaine
59%
Los estados de EE.UU. que comienzan con MMassachusetts
58%
Las ciudades de EE.UU. más turísticasWashington D.C.
57%
Las ciudades de EE.UU. más turísticasLas Vegas
53%
Los estados de EE.UU. que comienzan con MMaryland
53%
Los países del Pacto de VarsoviaRumanía
52%
Los protagonistas de La guerra de las galaxias: Episodio IVPrincesa Leia
51%
Los países del Pacto de VarsoviaBulgaria
50%
Los países del Pacto de VarsoviaChecoslovaquia
47%
Los ingredientes fundamentales del pastelSal
47%
Los protagonistas de La guerra de las galaxias: Episodio IVDarth Vader
46%
La categoría taxonómicaReino
46%
Los protagonistas de La guerra de las galaxias: Episodio IVLuke Skywalker
45%
Las categorías por peso en el boxeoPeso ligero
43%
Los ingredientes fundamentales del pastelMantequilla
42%
Los protagonistas de La guerra de las galaxias: Episodio IVHan Solo
41%
Las ciudades de EE.UU. más turísticasOrlando
39%
Los países del Pacto de VarsoviaAlbania
38%
Los protagonistas de La guerra de las galaxias: Episodio IVR2-D2
35%
Las categorías por peso en el boxeoPeso mosca
34%
La categoría taxonómicaEspecie
33%
Las categorías por peso en el boxeoPeso mediano
33%
Los protagonistas de La guerra de las galaxias: Episodio IVObi-Wan Kenobi
32%
Los protagonistas de La guerra de las galaxias: Episodio IVC-3PO
31%
La categoría taxonómicaFamilia
30%
Los protagonistas de La guerra de las galaxias: Episodio IVChewbacca
27%
Las categorías por peso en el boxeoPeso wélter
26%
La categoría taxonómicaGénero
23%
Los ingredientes fundamentales del pastelVainilla
23%
La categoría taxonómicaClase
21%
Las categorías por peso en el boxeoPeso gallo
21%
Las ciudades de EE.UU. más turísticasHonolulu
19%
La categoría taxonómicaOrden
19%
Las categorías por peso en el boxeoPeso mediopesado
19%
La categoría taxonómicaFilo
18%
La categoría taxonómicaDominio
14%
Los ingredientes fundamentales del pastelPolvo gasificante
11%

Distribución de puntuación

Porcentaje por número respondido

Porcentaje de gente con cada puntuación

Historial de tus puntuaciones

No has intentado esta prueba.